| 000 | 00620nam a2200205 a 4500 | ||
|---|---|---|---|
| 005 | 20140310183318.0 | ||
| 008 | 051202s19uu xx 00 eng d | ||
| 020 | _a1561736015 | ||
| 050 |
_aRM 301.15 _b.N532 1993 |
||
| 245 | _aThe new prescription drug reference guide / | ||
| 260 |
_aIllinois : _bPublications International, Ltd, _c1993. |
||
| 300 |
_a448 p. : _bill. (some col.) ; _c28 cm. |
||
| 650 |
_aDrugs _xDictionaries. |
||
| 650 |
_aDrugs _xTrademarks _xDictionaries. |
||
| 650 |
_aDrug Interactions _xHandbooks. |
||
| 650 |
_aDrugs _xHandbooks. |
||
| 942 |
_cBK _2lcc |
||
| 999 |
_c21320 _d21320 |
||